000 01297pam a22003614a 4500
001 60605234
003 OCoLC
005 20180904163425.0
008 050608s2006 gw a 001 0 eng
010 _a2005016549
020 _a3131403616 (GTV : alk. paper)
020 _a9783131403612
020 _a1588903567 (TNY : alk. paper)
040 _aDNLM/DLC
_cDLC
_dNLM
_dBAKER
_dC#P
_dNLGGC
042 _apcc
050 1 0 _aRC78.17
_b.E37 2006
060 0 0 _a2006 C-987
060 1 0 _aWN 18.2
_bE13g 2006
082 0 0 _a616.0757
_222
100 1 _aEastman, George W.
_911169
245 1 0 _aGetting started in clinical radiology :
_bfrom image to diagnosis /
_cGeorge W. Eastman, Christoph Wald, Jane Crossin.
260 _aStuttgart ;
_aNew York :
_bThieme,
_cc2005.
300 _axi, 355 p. :
_bill. ;
_c28 cm.
500 _aIncludes index.
650 0 _aRadiology, Medical
_vOutlines, syllabi, etc.
_911170
650 0 _aDiagnostic imaging
_vOutlines, syllabi, etc.
_911171
650 1 2 _aDiagnostic Imaging
_vProblems and Exercises.
_911172
650 2 2 _aRadiology
_xmethods
_vProblems and Exercises.
_911173
700 1 _aWald, Christoph.
_911174
700 1 _aCrossin, Jane.
_911175
856 4 1 _3Table of contents
_uhttp://www.loc.gov/catdir/toc/ecip0514/2005016549.html
942 _2ddc
_cBOOK
999 _c22008
_d256508